00745nam a22002417a 4500003000200000005001700002008004100019020002200060050002400082100001600106245008300122250001700205260004600222300003100268504005200299650001200351650004000363650002300403700002100426700002100447700001800468700001700486020250311145912.0250311b xxu||||| |||| 00| 0 eng d a978-1-4737-8692-9 aHF 5667 b.G73 2024 aGray, Iain  aThe audit process:bprinciples, practice, and casescIain Gray and four others a8th edition  aHampshire, United Kingdom bCengagec2024 axxiii, 774 pages ;c25cm.  aIncludes bibliographical references and index.  aAudit.  aAuditing--problems, exercises, etc. aAudit principles.  aManson, Stuart.  aCrawford, Louise aBradley, Lynn aCurrie, Lynn